| 000 | 00613nam a2200229Ia 4500 | ||
|---|---|---|---|
| 003 | IN-BaIIA | ||
| 008 | 211028s9999 xx 000 0 eng d | ||
| 020 | _a0-521-80090-0 | ||
| 040 | _cIIA Library | ||
| 080 |
_a52 _bZEI |
||
| 100 |
_aZeilik, M _926148 |
||
| 245 | 0 |
_aAstronomy _bthe evolving universe _cM. Zeilik |
|
| 250 | _a9th ed. | ||
| 260 |
_aCambridge _bCambridge University Press _c2002 |
||
| 300 | _axv, 552p. | ||
| 650 |
_aAstronomy _980 |
||
| 650 |
_aCosmic Violence _926149 |
||
| 650 |
_aCosmological Models _920918 |
||
| 650 |
_aStar Birth _926358 |
||
| 650 |
_aStar Death _926359 |
||
| 942 | _cBK | ||
| 999 |
_c14727 _d14727 |
||